LIBRARY & INFORMATION CENTRE, KCAET, TAVANUR

ONLINE PUBLIC ACCESS CATALOGUE (OPAC)

Normal view MARC view
  • Ashby ,michael F

Entry Personal Name

Number of records used in: 1

001 - CONTROL NUMBER

  • control field: 3165

003 - CONTROL NUMBER IDENTIFIER

  • control field: OSt

005 - DATE AND TIME OF LATEST TRANSACTION

  • control field: 20180621125338.0

008 - FIXED-LENGTH DATA ELEMENTS

  • fixed length control field: 180621|| aca||aabn | a|a d

040 ## - CATALOGING SOURCE

  • Original cataloging agency: OSt
  • Transcribing agency: OSt

100 ## - HEADING--PERSONAL NAME

  • Personal name: Ashby ,michael F

670 ## - SOURCE DATA FOUND

  • Source citation: Work cat.: (OSt)15458: Ashby ,michael F, Nanomaterials nanotechnologies and design /, 2009 .
free website counter